Ý tưởng kỳ quặc tạo ra đột phá

Đưa ra một số ý tưởng kỳ quặc phi thực tế và được coi như là một sự sáng tạo ngoạn mục trong tư duy quản lý giúp mọi doanh nghiệp cân bằng công việc và có thể thành công hơn nữa trong kinh doanh bằng chính ý tưởng độc đáo của mình...

Szczegółowa specyfikacja

Zapisane w:
Opis bibliograficzny
1. autor: Sutton, Robert I.
Kolejni autorzy: Tường Linh (dịch)
Format: Książka
Język:Vietnamese
Wydane: H. Tri thức 2010
Hasła przedmiotowe:
Etykiety: Dodaj etykietę
Nie ma etykietki, Dołącz pierwszą etykiete!
Thư viện lưu trữ: Thư viện Trường Đại học Nam Cần Thơ
LEADER 01607aam a22002418a 4500
001 NCT_23885
008 160713s2016 ||||||viesd
999 |c 1131  |d 1131 
020 |c 78000 
082 0 4 |2 23rd ed.  |a 658.800  |b S967 
100 1 |a Sutton, Robert I.  
245 1 0 |a Ý tưởng kỳ quặc tạo ra đột phá  |c Robert I. Sutton ; Tường Linh (dịch) 
260 |a H.  |b Tri thức  |c 2010 
300 |a 313tr.  |c 21cm 
520 3 |a Đưa ra một số ý tưởng kỳ quặc phi thực tế và được coi như là một sự sáng tạo ngoạn mục trong tư duy quản lý giúp mọi doanh nghiệp cân bằng công việc và có thể thành công hơn nữa trong kinh doanh bằng chính ý tưởng độc đáo của mình  
653 |a Quản trị kinh doanh 
700 0 |a Tường Linh  |e dịch 
942 |2 ddc  |c BK 
952 |0 0  |1 0  |2 ddc  |4 0  |6 658_800000000000000_S967  |7 0  |9 11670  |a 000001  |b 000001  |d 2018-06-22  |o 658.800 S967  |p MD.06870  |r 2018-06-22  |v 78000.00  |w 2018-06-22  |y BK 
952 |0 0  |1 0  |2 ddc  |4 0  |6 658_800000000000000_S967  |7 0  |9 11671  |a 000001  |b 000001  |d 2018-06-22  |o 658.800 S967  |p MD.06871  |r 2018-06-22  |v 78000.00  |w 2018-06-22  |y BK 
952 |0 0  |1 0  |2 ddc  |4 0  |6 658_800000000000000_S967  |7 0  |9 11672  |a 000001  |b 000001  |d 2018-06-22  |l 1  |m 1  |o 658.800 S967  |p MD.06872  |r 2020-11-11  |s 2020-10-23  |v 78000.00  |w 2018-06-22  |y BK 
952 |0 0  |1 0  |2 ddc  |4 0  |6 658_800000000000000_S967  |7 0  |9 11673  |a 000001  |b 000001  |d 2018-06-22  |o 658.800 S967  |p MD.06873  |r 2018-06-22  |v 78000.00  |w 2018-06-22  |y BK 
980 |a Thư viện Trường Đại học Nam Cần Thơ